LA MuDANZA - Bad Bunny - Estadísticas

Estadísticas generales
  • Esta prueba ha sido intentada 103 veces
    61 desde el último reinicio
  • La puntuación promedio es 281 de 391
Estadísticas de respuestas
Respuesta % Correcto
de
100%
y
97%
el
95%
pa
95%
a
92%
mami
92%
Benito
90%
la
90%
le
90%
lo
90%
papi
90%
un
90%
donde
87%
en
87%
hijo
87%
mudanza
87%
no
87%
por
87%
rompieron
87%
se
87%
ti
87%
verdad
87%
abuelo
85%
dia
85%
es
85%
mi
85%
to
85%
una
85%
aplauso
82%
fue
82%
me
82%
porque
82%
PR
82%
que
82%
aqui
79%
decian
79%
esta
79%
nene
79%
par
79%
ser
79%
Tito
79%
al
77%
casa
77%
con
77%
desde
77%
gracias
77%
Gracias
77%
hicieron
77%
si
77%
siempre
77%
trabajando
77%
6
74%
caso
74%
chamaquito
74%
ingeniero
74%
mayor
74%
papa
74%
saca
74%
su
74%
yo
74%
como
72%
conocio
72%
del
72%
mama
72%
menor
72%
soy
72%
vieja
72%
92
69%
antes
69%
camiones
69%
diciembre
69%
hacer
69%
Juanita
69%
los
69%
mejor
69%
muevo
69%
sueno
69%
te
69%
vieron
69%
aunque
67%
cumplio
67%
dile
67%
Dio
67%
nadie
67%
nueva
67%
Pai
67%
primera
67%
tres
67%
alcanza
64%
algo
64%
doña
64%
ese
64%
estaba
64%
guiando
64%
nacio
64%
vez
64%
vivieron
64%
bandera
62%
busy
62%
cabron
62%
chiquita
62%
conocieron
62%
crie
62%
eso
62%
estando
62%
gente
62%
invito
62%
pesos
62%
tu
62%
barrio
59%
Bayamon
59%
bicho
59%
casarse
59%
importa
59%
irse
59%
mataron
59%
partieron
59%
sacar
59%
Tonito
59%
Almirante
56%
calle
56%
criaron
56%
graduarse
56%
jerga
56%
llevo
56%
prometio
56%
sin
56%
fui
54%
loco
54%
quiera
54%
vale
54%
verga
54%
dialecto
51%
eres
51%
parirme
51%
poco
51%
ya
51%
ahora
49%
canto
49%
conocen
49%
mas
49%
mundo
49%
noche
49%
oscura
49%
perfecto
49%
sol
49%
buscarse
46%
cultura
46%
dejar
46%
ey
46%
legendario
46%
luna
46%
muero
46%
ni
46%
ovario
46%
pero
46%
recuerden
46%
alguito
44%
archipielago
44%
cojones
44%
digas
44%
entero
44%
meto
44%
oreja
44%
reggae
44%
azul
41%
espero
41%
jalones
41%
millonario
41%
Morovis
41%
nunca
41%
clarito
38%
dando
38%
mañana
38%
meterle
38%
olviden
38%
pareja
38%
pongan
38%
pueden
38%
rostro
38%
tema
38%
tratan
38%
fuerza
36%
medir
36%
podcast
36%
quejas
36%
quieren
36%
traigan
36%
mio
33%
PFKNR
33%
sepas
33%
caja
31%
serio
31%
han
28%
visto
28%
Cotto
26%
estrella
26%
Borinquen
23%
Hosto
21%
lysy
15%
No se encontraron pruebas coincidentes
Distribución de puntuación
Porcentaje de gente con cada puntuación
Porcentaje por número respondido
Historial de tus puntuaciones
No has intentado esta prueba desde el último reinicio